|
|
|
|
| LEADER |
00744cam a2200169 7i4500 |
| 001 |
0000141000 |
| 005 |
20081110090000.0 |
| 002 |
0000006081 |
| 090 |
0 |
0 |
|a LP 60 FST 2 2008
|
| 100 |
0 |
# |
|a Tengku Marlia Tengku Muhamud
|
| 245 |
1 |
0 |
|a Characterization of Bacillus cereus isolated from soil
|c Tengku Marlia Tengku Muhamud.
|
| 260 |
# |
# |
|a Terengganu:
|b Universiti Malaysia Terengganu,
|c 2008.
|
| 300 |
|
|
|a ix, 54 p.:
|b ill.(some col.);
|c 30 cm..
|
| 502 |
# |
# |
|a Project Report FST (Degree of Bachelor of Applied Science - Biodiversity Conservation and Management) 2008
|
| 520 |
3 |
# |
|a The morphology and biochemical test were used to identify and characterized the bacteria.
|
| 602 |
# |
# |
|a Laporan Projek FST 2008
|
| 999 |
|
|
|a 1100057933
|b Book
|c LAPORAN PROJEK
|e BILIK ARKIB
|